Bartolo da Sassoferrato. Studi e Documenti per il VI centenario
Uloženo v:
| Korporativní autor: | |
|---|---|
| Médium: | Kniha |
| Jazyk: | italština |
| Vydáno: |
Milán
Giuffrè
1962
|
| Edice: | Università degli studi di Perugia
|
| Témata: | |
| Tagy: |
Přidat tag
Žádné tagy, Buďte první, kdo vytvoří štítek k tomuto záznamu!
|
MARC
| LEADER | 00000nam a2200000 a 4500 | ||
|---|---|---|---|
| 001 | UCS7867 | ||
| 003 | CL-VaPUC | ||
| 005 | 20220315074414.0 | ||
| 008 | 971024e19620000it 1 ita d | ||
| 082 | 0 | 4 | |a 340.092 |b UNI |2 21 |
| 110 | 2 | |a Università de Perugia |e author |9 618585 | |
| 245 | 1 | 0 | |a Bartolo da Sassoferrato. Studi e Documenti per il VI centenario |
| 260 | |a Milán |b Giuffrè |c 1962 | ||
| 300 | |a 2 v | ||
| 490 | 0 | |a Università degli studi di Perugia | |
| 583 | |a last modification |c 19971024 00:00:00 |k Rodrigo Vera | ||
| 600 | 1 | 7 | |a SASSO FERRATO, BARTOLO DA |2 CL-VaPUC |9 618586 |
| 650 | 0 | 7 | |a CONTRIBUCIONES EN DERECHO |2 CL-VaPUC |9 255518 |
| 650 | 0 | 7 | |a INFLUENCIAS |2 CL-VaPUC |9 392669 |
| 650 | 0 | 0 | |a Congresos |9 257560 |
| 942 | |c BK | ||
| 945 | |a aolguin |d 19971024 00:00:00 | ||
| 546 | |a En Italiano | ||
| 518 | |p Convegno Commemorativo VI centenario Bartolo da Sassoferrato, Milano, 1-5 de abril de 1959 | ||
| 999 | |c 383030 |d 383028 | ||
| 952 | |0 0 |1 0 |4 0 |6 340_092000000000000_UNI_1962 |7 0 |8 DER_HIS |9 505016 |a BIBDER |b BIBDER |d 2020-01-23 |h v.1 |i 1889109 |o 340.092 UNI 1962 |p 1889109 |r 2023-01-25 |w 2020-01-23 |x Ubicación 4to Piso |y BK |z Estos recursos deben solicitarse con anticipación |k DER | ||
| 952 | |0 0 |1 0 |4 0 |6 340_092000000000000_UNI_1962 |7 0 |8 DER_HIS |9 505017 |a BIBDER |b BIBDER |d 2020-01-23 |h v.2 |i 1889214 |l 2 |o 340.092 UNI 1962 |p 1889214 |r 2023-01-25 |s 2021-10-11 |w 2020-01-23 |x Ubicación 4to Piso |y BK |z Estos recursos deben solicitarse con anticipación |k DER | ||